Países semelhantes ao Brasil - Statistics

Estatísticas Gerais
  • Esse quiz foi jogado 60 vezes
  • A pontuação média é 4 de 10
Estatísticas das Respostas
Categorias Semelhantes % Correto
Área Austrália
89%
PIB nominal Rússia
70%
Expectativa de vida México | Tailândia
66%
População Nigéria
63%
População urbana (%) Chile | Emirados Árabes Unidos | Nova Zelândia
48%
Taxa de alfabetização Paraguai | Peru | São Tomé e Príncipe
43%
Dens. populacional Moçambique | Suécia
29%
Taxa de natalidade Butão | São Vicente e Granadinas
11%
PIB per capita República Dominicana
7%
IDH Palau
2%
Nenhum quiz correspondente encontrado
Distribuição das Pontuações
Porcentagem de Pessoas com Cada Pontuação
Percentil de Números Respondidos
Sua Pontuação Histórica
Você não jogou esse quiz